| 000 | 00713nam a22002177a 4500 | ||
|---|---|---|---|
| 005 | 20251108171231.0 | ||
| 008 | 250721s1980 xx 000 0 ara d | ||
| 082 | 1 | 4 | _aم/216.1/محم |
| 100 | 1 | _aالبوطي، محمد سعيد رمضان | |
| 245 | 1 | 0 |
_aفقه السيرة : _bدراسات منهجية علمية لسيرة المصطفى عليه السلام و ما .... / |
| 250 | _aط8 . ، مزيدة و منقحة | ||
| 264 |
_bدار الفكر، _c1980. |
||
| 300 | _a504ص | ||
| 650 | 1 | 7 | _aالإسلام |
| 650 | 1 | 7 | _aالفقه |
| 650 | 1 | 7 | _aأصول الدين |
| 650 | 1 | 7 | _aالسيرة النبوية |
| 650 | 1 | 7 | _aالسنة النبوية |
| 942 |
_2ddc _cREF |
||
| 999 |
_c60018 _d60018 |
||